[Event "Bad Woerishofen op"]
[Site "Bad Woerishofen"]
[Date "2000.??.??"]
[Round "1"]
[White "Anderberg, Peter"]
[Black "Wenz, Franz"]
[Result "1-0"]
[WhiteElo "2099"]
[BlackElo "1320"]
[PlyCount "63"]
[EventDate "1998.03.05"]
[Source "ChessBase"]
[SourceDate "1998.04.29"]

1. e4 g6 2. d4 Bg7 3. Nf3 d6 4. Bc4 Bg4 5. Bxf7+ Kf8 6. Bxg8 Kxg8 7. c3 e6 8.
Be3 Nd7 9. Nbd2 Qf8 10. h3 Bxf3 11. Nxf3 Nf6 12. Qb3 Qc8 13. Ng5 d5 14. e5 Ne4
15. Nxe4 dxe4 16. Qc2 c6 17. Qxe4 Qd8 18. O-O Qd5 19. Qc2 b5 20. b3 Kf7 21. c4
Qd7 22. Qe4 Rhf8 23. Rfd1 Qc7 24. cxb5 cxb5 25. Rac1 Qb8 26. f4 Rd8 27. d5 exd5
28. Rxd5 Bf8 29. e6+ Ke8 30. Rxd8+ Kxd8 31. Rd1+ Bd6 32. Rxd6+ 1-0

[Event "Bad Woerishofen op"]
[Site "?"]
[Date "2000.??.??"]
[Round "3"]
[White "Anderberg, Peter"]
[Black "Lutzenberger, Reimund"]
[Result "0-1"]
[WhiteElo "2099"]
[BlackElo "2250"]
[PlyCount "62"]
[EventDate "2000.??.??"]

1. e4 e6 2. d4 d5 3. Nc3 Nf6 4. Bg5 Bb4 5. e5 h6 6. exf6 hxg5 7. fxg7 Rg8 8. h4
Nc6 9. h5 Rxg7 10. h6 Rh7 11. Bd3 Rh8 12. Nf3 Qf6 13. h7 g4 14. Nh2 g3 15. fxg3
Nxd4 16. Qh5 Nf5 17. Ng4 Bxc3+ 18. Kd1 Qd4 19. bxc3 Qxg4+ 20. Kd2 Qxh5 21. Rxh5
Ne7 22. g4 Bd7 23. Rf1 Kf8 24. Rf6 Kg7 25. Rfh6 a6 26. g3 Bb5 27. Rh2 c5 28.
R6h5 Bxd3 29. cxd3 b5 30. Rg5+ Ng6 31. Rgh5 a5 0-1

[Event "Bad Woerishofen op"]
[Site "?"]
[Date "2000.??.??"]
[Round "4"]
[White "Anderberg, Peter"]
[Black "Reich, Thomas"]
[Result "1/2-1/2"]
[WhiteElo "2099"]
[BlackElo "2407"]
[PlyCount "68"]
[EventDate "2000.??.??"]

1. c4 Nf6 2. Nc3 c5 3. g3 g6 4. Bg2 Bg7 5. Nf3 O-O 6. O-O Nc6 7. d4 cxd4 8.
Nxd4 Ng4 9. Nxc6 dxc6 10. Qb3 Qc7 11. h3 Ne5 12. Bf4 Be6 13. Qa4 Qc8 14. Bxe5
Bxe5 15. Kh2 Qd8 16. Ne4 Qd4 17. b3 b5 18. Qa3 bxc4 19. Rad1 Qb2 20. Qxe7 Qxa2
21. bxc4 Qxc4 22. Rc1 Qa2 23. Rxc6 Rae8 24. Nf6+ Bxf6 25. Qxf6 Qxe2 26. Ra1 Bf5
27. g4 Be4 28. Bxe4 Rxe4 29. Rxa7 Qb5 30. Rc8 Ree8 31. Rxe8 Qxe8 32. Re7 Qd8
33. Kg2 Qd5+ 34. Qf3 Qd6 1/2-1/2

[Event "Bad Woerishofen op"]
[Site "?"]
[Date "2000.??.??"]
[Round "7"]
[White "Anderberg, Peter"]
[Black "Mueller, Thorsten"]
[Result "0-1"]
[WhiteElo "2099"]
[BlackElo "2193"]
[PlyCount "74"]
[EventDate "2000.??.??"]

1. e4 e6 2. d4 d5 3. Nc3 Nf6 4. Bg5 Be7 5. exd5 exd5 6. Nf3 Nc6 7. Be2 Bf5 8.
Nh4 Be6 9. Nf3 h6 10. Bh4 Ne4 11. Bxe7 Qxe7 12. O-O O-O 13. Bd3 f5 14. Ne2 g5
15. c3 g4 16. Nd2 Qg5 17. Nxe4 fxe4 18. Bc2 Ne7 19. Qc1 Qg6 20. Nf4 Qf6 21. Nh5
Qg6 22. Nf4 Qf5 23. Nxe6 Qxe6 24. Qd2 Rf6 25. Rae1 Raf8 26. Kh1 Qf7 27. Kg1 Qg7
28. c4 c6 29. cxd5 cxd5 30. Bb3 Kh8 31. Rc1 Rc6 32. Ba4 Rxc1 33. Rxc1 Nf5 34.
Bb3 Nxd4 35. Rc7 Nxb3 36. Qc2 Nd4 37. Qc3 Ne2+ 0-1

[Event "Bad Woerishofen op"]
[Site "?"]
[Date "2000.??.??"]
[Round "9"]
[White "Anderberg, Peter"]
[Black "Weiss, Hans"]
[Result "1-0"]
[WhiteElo "2099"]
[BlackElo "1810"]
[PlyCount "27"]
[EventDate "2000.??.??"]

1. e4 c5 2. Nc3 Nc6 3. f4 g6 4. Nf3 Bg7 5. Bb5 e6 6. Bxc6 bxc6 7. O-O Ne7 8. d3
d6 9. Bd2 O-O 10. Qe1 Bd7 11. Qh4 f5 12. e5 d5 13. Qf2 Rb8 14. Na4 1-0

[Event "Bad Woerishofen op"]
[Site "Bad Woerishofen"]
[Date "2000.??.??"]
[Round "1"]
[White "Auer, Conny"]
[Black "Wilhelmi, Christian"]
[Result "0-1"]
[WhiteElo "2035"]
[BlackElo "2423"]
[PlyCount "104"]
[EventDate "1998.03.05"]
[Source "ChessBase"]
[SourceDate "1998.04.29"]

1. c4 g6 2. Nc3 Bg7 3. g3 d6 4. Bg2 e5 5. d3 Nf6 6. e4 O-O 7. Nge2 Nc6 8. O-O
Nh5 9. Be3 h6 10. d4 f5 11. exf5 gxf5 12. dxe5 dxe5 13. Bc5 Re8 14. Nb5 Be6 15.
Qxd8 Rexd8 16. b3 Rd7 17. Rad1 Rf7 18. Rd2 a6 19. Nbc3 Nf6 20. Rfd1 Rd7 21.
Rxd7 Nxd7 22. Ba3 Kf7 23. Nd5 Rc8 24. Bf3 Nf6 25. Nxf6 Bxf6 26. Bxc6 bxc6 27.
Nc3 h5 28. h4 Rg8 29. Kh2 Rg4 30. Ne2 Re4 31. Rd2 f4 32. Bb2 Bg4 33. Nc1 Kg6
34. Nd3 f3 35. Nc5 Re1 36. Nd3 Re4 37. Bc3 Kf5 38. Nb4 Re1 39. Nc2 Re2 40. Ne3+
Ke4 41. Nxg4 hxg4 42. Kg1 Re1+ 43. Kh2 Re2 44. Kg1 Rxd2 45. Bxd2 Kd3 46. Bg5
Bxg5 47. hxg5 Ke2 48. g6 e4 49. g7 e3 50. g8=Q exf2+ 51. Kh2 f1=Q 52. Qe6+ Kf2
0-1

[Event "Bad Woerishofen op"]
[Site "?"]
[Date "2000.??.??"]
[Round "3"]
[White "Auer, Conny"]
[Black "Meyer, Thomas"]
[Result "0-1"]
[WhiteElo "2035"]
[BlackElo "1744"]
[PlyCount "86"]
[EventDate "2000.??.??"]

1. c4 e5 2. Nc3 f5 3. g3 Nf6 4. Bg2 d6 5. d3 Nc6 6. Nf3 Be7 7. O-O O-O 8. Ne1
Be6 9. Nd5 Qd7 10. f4 Nd8 11. Bd2 c6 12. Nxe7+ Qxe7 13. Nf3 e4 14. Nd4 Bd7 15.
Nc2 d5 16. cxd5 Nxd5 17. dxe4 fxe4 18. e3 Nf7 19. a3 Rad8 20. Qe2 Nd6 21. Rfd1
Nf6 22. h3 b6 23. Bc3 Be6 24. Nd4 Bd5 25. b4 c5 26. Nc2 Bc4 27. Qf2 Bd3 28.
bxc5 bxc5 29. Bf1 c4 30. Nd4 Qd7 31. Kh2 Rb8 32. Bb4 Nd5 33. Bxd3 exd3 34. Qd2
Rfc8 35. Bxd6 Qxd6 36. Re1 Rb7 37. Ra2 Rcb8 38. Nf5 Qd7 39. e4 Nf6 40. Qc3 Qc6
41. Nd4 Nxe4 42. Qc1 Qd5 43. Qe3 c3 0-1

[Event "Bad Woerishofen op"]
[Site "?"]
[Date "2000.??.??"]
[Round "5"]
[White "Auer, Conny"]
[Black "Wawrinsky, Ludwig"]
[Result "0-1"]
[WhiteElo "2035"]
[BlackElo "1700"]
[PlyCount "120"]
[EventDate "2000.??.??"]

1. c4 c6 2. Nc3 e6 3. g3 Nf6 4. Bg2 d5 5. cxd5 exd5 6. d4 Bb4 7. a3 Ba5 8. Nf3
Ne4 9. Bd2 Nxd2 10. Qxd2 O-O 11. O-O Nd7 12. Rac1 a6 13. Qc2 Re8 14. b4 Bb6 15.
e3 Nf6 16. Ne5 g6 17. a4 Ng4 18. Nxg4 Bxg4 19. b5 Bd7 20. Qb3 Rb8 21. Ra1 Ba5
22. bxa6 bxa6 23. Qc2 Bf5 24. e4 dxe4 25. Ne2 e3 26. Qc4 exf2+ 27. Rxf2 Rb2 28.
Bf1 Bd2 29. Rxf5 gxf5 30. Qxc6 Be3+ 31. Kg2 Bxd4 32. Rd1 Rbxe2+ 33. Bxe2 Rxe2+
34. Kh1 Qb6 35. Qxb6 Bxb6 36. Rd6 Re6 37. Rd5 f4 38. gxf4 Rg6 39. h3 Be3 40. f5
Rg3 41. f6 h6 42. Rd8+ Kh7 43. Rf8 Rxh3+ 44. Kg2 Rh4 45. Rxf7+ Kg6 46. Rc7 Kxf6
47. Rc6+ Kf5 48. Rxa6 Rg4+ 49. Kf3 Bd2 50. Ra8 Rb4 51. a5 Rb3+ 52. Ke2 Bg5 53.
a6 Ra3 54. a7 Kg4 55. Kd1 Ra2 56. Ke1 h5 57. Kf1 h4 58. Ke1 h3 59. Kf1 h2 60.
Rh8 Kg3 0-1

[Event "Bad Woerishofen op"]
[Site "?"]
[Date "2000.??.??"]
[Round "8"]
[White "Auer, Conny"]
[Black "Salomon, Heide"]
[Result "1-0"]
[WhiteElo "2035"]
[BlackElo "1542"]
[PlyCount "59"]
[EventDate "2000.??.??"]

1. c4 e5 2. Nc3 Bc5 3. e3 Nc6 4. g3 Nf6 5. Bg2 d6 6. Nge2 O-O 7. O-O Bg4 8. h3
Be6 9. b3 Qd7 10. Kh2 Rad8 11. d4 exd4 12. exd4 Bxd4 13. Nxd4 Rfe8 14. Bg5 Ne5
15. Bxf6 gxf6 16. f4 Ng4+ 17. hxg4 Bxg4 18. Bf3 h5 19. Bxg4 hxg4 20. f5 Kh7 21.
Nd5 Rh8 22. Kg2 Kg7 23. Qxg4+ Kf8 24. Rh1 Rg8 25. Qh4 c5 26. Nxf6 cxd4 27.
Nxd7+ Rxd7 28. Rae1 d3 29. f6 Rg6 30. Qh8+ 1-0

[Event "Bad Woerishofen op"]
[Site "Bad Woerishofen"]
[Date "2000.??.??"]
[Round "1"]
[White "Auer, Hans"]
[Black "Okrajek, Alexander"]
[Result "0-1"]
[WhiteElo "1905"]
[BlackElo "2289"]
[PlyCount "76"]
[EventDate "1998.03.05"]
[Source "ChessBase"]
[SourceDate "1998.04.29"]

1. e4 c5 2. Nf3 e6 3. d4 a6 4. d5 d6 5. c4 e5 6. Nc3 g6 7. Bd3 Bh6 8. h3 Kf8 9.
Bxh6+ Nxh6 10. Qd2 Kg7 11. g4 f6 12. Ne2 Nf7 13. Ng3 Bd7 14. Ke2 b5 15. Rag1
bxc4 16. Bxc4 a5 17. Nf1 Na6 18. Ne3 Nc7 19. h4 Nb5 20. Rg3 a4 21. Kf1 Qa5 22.
h5 Qxd2 23. Nxd2 Nd4 24. Kg2 Rhb8 25. hxg6 hxg6 26. b3 Ng5 27. Rd1 axb3 28.
axb3 Kf7 29. Nef1 Ke7 30. Nh2 Ra2 31. b4 Rxd2 32. Rxd2 Nxe4 33. Rxd4 cxd4 34.
Rh3 Rxb4 35. Rh7+ Kd8 36. Bd3 f5 37. gxf5 gxf5 38. Nf3 Rb2 0-1

[Event "Bad Woerishofen op"]
[Site "?"]
[Date "2000.??.??"]
[Round "3"]
[White "Auer, Hans"]
[Black "Schwabe, Manfred"]
[Result "1-0"]
[WhiteElo "1905"]
[BlackElo "1719"]
[PlyCount "81"]
[EventDate "2000.??.??"]

1. e4 e6 2. d4 d5 3. Nc3 Bb4 4. e5 Ne7 5. a3 Bxc3+ 6. bxc3 c5 7. a4 Qa5 8. Bd2
c4 9. Qb1 Nbc6 10. Nf3 h6 11. Be2 Qc7 12. O-O b6 13. Nh4 Bd7 14. f4 g6 15. Bc1
Na5 16. Ba3 Nf5 17. Nxf5 gxf5 18. Bb4 Nb7 19. a5 Nxa5 20. Bd6 Qc6 21. Rxa5 bxa5
22. Qe1 Kd8 23. Qh4+ Kc8 24. Qf6 Kb7 25. Rb1+ Ka6 26. Qh4 Qa4 27. Qf2 Bb5 28.
Bh5 Rh7 29. Qd2 Qa2 30. Qc1 Ba4 31. Rb2 Qxb2 32. Qxb2 Rc8 33. Qa2 Kb5 34. Bd1
Rhh8 35. Qa3 Rhd8 36. Kf2 Rd7 37. h3 Rg8 38. Bb4 Rb7 39. g4 Rc8 40. gxf5 exf5
41. Bf3 1-0

[Event "Bad Woerishofen op"]
[Site "?"]
[Date "2000.??.??"]
[Round "5"]
[White "Auer, Hans"]
[Black "Engl, Heinz"]
[Result "0-1"]
[WhiteElo "1905"]
[BlackElo "2150"]
[PlyCount "66"]
[EventDate "2000.??.??"]

1. f4 d5 2. Nf3 c5 3. e3 Nc6 4. Bb5 Bd7 5. O-O Nf6 6. d3 g6 7. Nbd2 Bg7 8. Bxc6
Bxc6 9. Ne5 O-O 10. Nxc6 bxc6 11. c3 Rb8 12. Nf3 Nd7 13. Qc2 e5 14. e4 Qb6 15.
fxe5 Nxe5 16. Nxe5 Bxe5 17. Kh1 Qc7 18. g3 h5 19. Bf4 h4 20. Qf2 hxg3 21. hxg3
Kg7 22. Kg2 Bxf4 23. gxf4 dxe4 24. dxe4 Rh8 25. Rh1 Qd7 26. f5 Qe7 27. Rxh8
Qxe4+ 28. Qf3 Rxb2+ 29. Kg3 Qxf3+ 30. Kxf3 Kxh8 31. f6 Rc2 32. Rd1 Rxc3+ 33.
Kf4 Rc4+ 0-1

[Event "Bad Woerishofen op"]
[Site "?"]
[Date "2000.??.??"]
[Round "7"]
[White "Auer, Hans"]
[Black "Dobierzin, Olaf"]
[Result "0-1"]
[WhiteElo "1905"]
[BlackElo "2144"]
[PlyCount "72"]
[EventDate "2000.??.??"]

1. e4 c5 2. f4 Nc6 3. Nf3 g6 4. c4 Bg7 5. d3 d6 6. Nc3 e6 7. Be3 Nd4 8. Bxd4
cxd4 9. Ne2 e5 10. fxe5 dxe5 11. b4 Ne7 12. Ng3 O-O 13. Be2 a5 14. b5 Qd6 15.
O-O Bh6 16. Qc2 b6 17. Nd2 a4 18. Rae1 Bd7 19. Bd1 Qc5 20. Kh1 Bxb5 21. cxb5
Qxc2 22. Bxc2 Bxd2 23. Rd1 Bg5 24. Rb1 Rfc8 25. Bd1 Rc3 26. Rf3 Nc8 27. Ne2 Rc5
28. Rb4 a3 29. Bb3 Nd6 30. Bd5 Ra5 31. Bc4 Bd2 32. Rf6 Nxc4 33. Rxc4 Raxb5 34.
Rxc5 bxc5 35. h3 Rb2 36. Rc6 Bb4 0-1

[Event "Bad Woerishofen op"]
[Site "?"]
[Date "2000.??.??"]
[Round "9"]
[White "Auer, Hans"]
[Black "Sailer, Wolfgang"]
[Result "1/2-1/2"]
[WhiteElo "1905"]
[BlackElo "2099"]
[PlyCount "39"]
[EventDate "2000.??.??"]

1. e4 d5 2. exd5 Qxd5 3. d4 Nc6 4. Be3 e5 5. c4 Qa5+ 6. Bd2 Bb4 7. d5 Nd4 8.
Bd3 Nf6 9. Nc3 O-O 10. Nge2 Bg4 11. a3 Bxc3 12. Bxc3 Qb6 13. b4 Bxe2 14. Bxe2
Ne4 15. Bxd4 exd4 16. O-O Rae8 17. Bf3 f5 18. Qd3 Nc3 19. Rfe1 Qf6 20. Kf1
1/2-1/2

[Event "Bad Woerishofen op"]
[Site "Bad Woerishofen"]
[Date "2000.??.??"]
[Round "2"]
[White "Babar, Michael"]
[Black "Paehtz, Thomas"]
[Result "1/2-1/2"]
[WhiteElo "2170"]
[BlackElo "2423"]
[PlyCount "47"]
[EventDate "1998.03.05"]
[Source "ChessBase"]
[SourceDate "1998.04.29"]

1. d4 g6 2. Nf3 Bg7 3. c3 Nf6 4. Bg5 b6 5. Nbd2 Bb7 6. e3 d6 7. Bc4 Nbd7 8. Qc2
a6 9. O-O h6 10. Bh4 g5 11. Bg3 Nh5 12. Rfe1 Nxg3 13. hxg3 e6 14. e4 h5 15. d5
e5 16. Nf1 b5 17. Be2 f5 18. c4 b4 19. exf5 O-O 20. N3d2 g4 21. Ne4 Qe7 22. Ne3
Nf6 23. Nxf6+ Qxf6 24. Qe4 1/2-1/2

[Event "Bad Woerishofen op"]
[Site "?"]
[Date "2000.??.??"]
[Round "4"]
[White "Babar, Michael"]
[Black "Fischer, Johann"]
[Result "0-1"]
[WhiteElo "2170"]
[BlackElo "2362"]
[PlyCount "146"]
[EventDate "2000.??.??"]

1. d4 c5 2. d5 e5 3. e4 d6 4. Nc3 a6 5. a4 Be7 6. Nf3 Bg4 7. Be2 Bxf3 8. Bxf3
Bg5 9. O-O Nd7 10. Be2 Bxc1 11. Qxc1 Ngf6 12. Qg5 O-O 13. Ra3 b6 14. Qh4 h6 15.
g3 Nh7 16. Qh3 Ra7 17. Nd1 Ndf6 18. f3 Qc8 19. Qxc8 Rxc8 20. Ne3 Ne8 21. Rb3
Rb8 22. Kg2 Nhf6 23. Bd3 g6 24. f4 Nd7 25. Kf3 Kf8 26. Rh1 Ke7 27. h4 Nef6 28.
Ra1 Raa8 29. Bf1 Kd8 30. Nc4 Kc7 31. Bh3 Re8 32. Rd1 Rab8 33. f5 g5 34. Rh1
gxh4 35. gxh4 Rg8 36. Ne3 Rg7 37. Bf1 Rbg8 38. Rh3 Nh5 39. Ng2 Ndf6 40. Re3 Ng3
41. Bxa6 Ngxe4 42. Ne1 Rg1 43. Bd3 R1g3+ 44. Ke2 Rxh3 45. Rxh3 Nxd5 46. Rh2
Nef6 47. Ng2 Rxg2+ 48. Rxg2 Nf4+ 49. Kf3 Nxg2 50. Kxg2 d5 51. Bb5 Kd6 52. Kg3
Ke7 53. Kf3 Nh5 54. c3 c4 55. Bc6 Nf4 56. Kg4 Kd6 57. Be8 f6 58. Bf7 Kc5 59.
Be8 Nd3 60. Kh5 Nxb2 61. Kxh6 d4 62. cxd4+ exd4 63. Kg7 d3 64. h5 d2 65. h6
d1=Q 66. h7 Qh1 67. h8=Q Qxh8+ 68. Kxh8 c3 69. Kg7 c2 70. Kxf6 c1=Q 71. Kg7
Qg5+ 72. Bg6 Nc4 73. f6 Ne5 0-1

[Event "Bad Woerishofen op"]
[Site "?"]
[Date "2000.??.??"]
[Round "6"]
[White "Babar, Michael"]
[Black "Schmidt, Volker"]
[Result "1-0"]
[WhiteElo "2170"]
[BlackElo "2001"]
[PlyCount "81"]
[EventDate "2000.??.??"]

1. d4 d6 2. Bg5 g6 3. e3 Bg7 4. Nf3 c6 5. Nbd2 Bg4 6. Bd3 Nd7 7. h3 Bxf3 8.
Qxf3 Ngf6 9. O-O O-O 10. Rfe1 Qa5 11. Bxf6 Nxf6 12. c3 Qc7 13. e4 e5 14. dxe5
dxe5 15. Nc4 Rad8 16. a4 Rd7 17. a5 Rfd8 18. Bf1 b5 19. axb6 axb6 20. b4 b5 21.
Na5 Nh5 22. Red1 Bf8 23. Rxd7 Rxd7 24. Nb3 Nf4 25. g3 Ne6 26. h4 Rd6 27. Qe3
Qd8 28. Ra7 Rd7 29. Ra6 Rd1 30. Qe2 Qd7 31. Kg2 c5 32. Qxb5 Qxb5 33. Bxb5 cxb4
34. cxb4 Bxb4 35. Bc4 Nd8 36. Bd5 Kf8 37. Rb6 Be7 38. Na5 Rd2 39. Rb8 Kg7 40.
Nc4 Ne6 41. Nxd2 1-0

[Event "Bad Woerishofen op"]
[Site "?"]
[Date "2000.??.??"]
[Round "8"]
[White "Babar, Michael"]
[Black "Grosser, Walter"]
[Result "1-0"]
[WhiteElo "2170"]
[BlackElo "1940"]
[PlyCount "151"]
[EventDate "2000.??.??"]

1. f4 f5 2. d3 Nf6 3. Nf3 g6 4. b3 Bg7 5. Bb2 O-O 6. g3 b6 7. e3 Bb7 8. Qe2 d6
9. Bg2 e6 10. O-O Qe7 11. Nbd2 Nbd7 12. Rae1 Rae8 13. e4 fxe4 14. dxe4 Nc5 15.
e5 dxe5 16. Bxe5 Ncd7 17. Bd4 Nh5 18. Qc4 Qd6 19. Bh3 Bxd4+ 20. Qxd4 Ng7 21.
Qxd6 cxd6 22. Ng5 Ba6 23. Rf3 Nc5 24. b4 h6 25. bxc5 hxg5 26. Ra3 Bc8 27. fxg5
d5 28. cxb6 axb6 29. Rb3 e5 30. Bg2 e4 31. Rxb6 Re6 32. Rb8 Rc6 33. c4 Ra6 34.
Rb2 dxc4 35. Nxc4 Be6 36. Ne5 Rf5 37. Nxg6 Rxg5 38. Bxe4 Nf5 39. Bxf5 Bxf5 40.
Ne7+ Kg7 41. Nxf5+ Rxf5 42. Rf2 Rc5 43. Kg2 Kg6 44. Re4 Rca5 45. a4 Kg5 46. h3
Kg6 47. Ref4 Kg5 48. Rb2 Rxa4 49. Rxa4 Rxa4 50. Rb5+ Kg6 51. h4 Kh6 52. Re5 Kg6
53. Kf3 Kh6 54. Re4 Ra1 55. g4 Rf1+ 56. Kg2 Rf8 57. Re6+ Kg7 58. Kg3 Rf1 59. h5
Rg1+ 60. Kh4 Rh1+ 61. Kg5 Ra1 62. Re7+ Kh8 63. Kf6 Ra6+ 64. Re6 Ra8 65. g5 Rg8
66. Re7 Ra8 67. g6 Rb8 68. h6 Ra8 69. Kf5 Ra5+ 70. Ke6 Ra8 71. Kf6 Rb8 72. Rh7+
Kg8 73. Rf7 Rb6+ 74. Kg5 Rb5+ 75. Rf5 Rb8 76. h7+ 1-0

[Event "Bad Woerishofen op"]
[Site "?"]
[Date "2000.??.??"]
[Round "2"]
[White "Baeuml, Ulrich"]
[Black "Eschle, Hubert"]
[Result "1-0"]
[WhiteElo "2082"]
[BlackElo "1783"]
[PlyCount "76"]
[EventDate "2000.??.??"]

1. c4 Nf6 2. g3 g6 3. Bg2 Bg7 4. Nf3 d6 5. O-O O-O 6. Nc3 e5 7. d3 Nc6 8. Rb1
Nh5 9. b4 h6 10. b5 Ne7 11. a4 f5 12. Qb3 Kh7 13. a5 Rb8 14. Ba3 Be6 15. Nd5 g5
16. Nd2 Ng6 17. Qc2 Qd7 18. c5 c6 19. bxc6 bxc6 20. Nb4 d5 21. Qa4 Rb5 22. Nc4
e4 23. Nd6 Rxc5 24. Na6 Rc3 25. Rb7 Qd8 26. Rfb1 exd3 27. exd3 c5 28. Nb5 Rxd3
29. Nxc5 Bc8 30. Rxg7+ Nxg7 31. Nxd3 f4 32. Bxf8 Qxf8 33. Bxd5 Qf5 34. Be4 Qh3
35. Nd6 Ba6 36. Ne5 f3 37. Bxg6+ Kh8 38. Rb8+ Ne8 1-0

[Event "Bad Woerishofen op"]
[Site "?"]
[Date "2000.??.??"]
[Round "4"]
[White "Baeuml, Ulrich"]
[Black "Wollsdorf, Friedrich"]
[Result "1-0"]
[WhiteElo "2082"]
[BlackElo "1773"]
[PlyCount "45"]
[EventDate "2000.??.??"]

1. d4 d5 2. c4 e6 3. Nc3 f5 4. Nf3 c6 5. Bf4 Nf6 6. e3 Nbd7 7. Bd3 Ne4 8. g4
Nxc3 9. bxc3 g6 10. cxd5 cxd5 11. gxf5 exf5 12. Qb3 Qa5 13. O-O b6 14. Bb5 a6
15. Bc6 Ra7 16. Bxd5 Nf6 17. Bc6+ Bd7 18. Qe6+ Be7 19. Bxd7+ Rxd7 20. Ne5 Qd5
21. Qxb6 Rb7 22. Qxa6 O-O 23. c4 1-0

[Event "Bad Woerishofen op"]
[Site "?"]
[Date "2000.??.??"]
[Round "6"]
[White "Baeuml, Ulrich"]
[Black "Zyla, Winfried"]
[Result "1/2-1/2"]
[WhiteElo "2082"]
[BlackElo "2181"]
[PlyCount "25"]
[EventDate "2000.??.??"]

1. e4 g6 2. d4 Bg7 3. Nc3 c6 4. Nf3 d6 5. Bc4 Nf6 6. a4 a5 7. h3 O-O 8. O-O
Nxe4 9. Nxe4 d5 10. Bd3 dxe4 11. Bxe4 Nd7 12. c3 e5 13. dxe5 1/2-1/2

[Event "Bad Woerishofen op"]
[Site "?"]
[Date "2000.??.??"]
[Round "9"]
[White "Baeuml, Ulrich"]
[Black "Rahls, Peter"]
[Result "1-0"]
[WhiteElo "2082"]
[BlackElo "2265"]
[PlyCount "101"]
[EventDate "2000.??.??"]

1. d4 c5 2. c3 Nf6 3. Nf3 e6 4. Bg5 b6 5. e4 Be7 6. Bd3 Bb7 7. Nbd2 d6 8. O-O
Nbd7 9. e5 dxe5 10. dxe5 Ng4 11. Bxe7 Qxe7 12. Re1 O-O 13. h3 Nh6 14. Qc2 g6
15. Rad1 Rad8 16. Be4 Bd5 17. c4 Bxe4 18. Nxe4 Nf5 19. Rd2 Nd4 20. Nxd4 cxd4
21. Rxd4 Nxe5 22. Rxd8 Qxd8 23. Qc3 f6 24. Nxf6+ Qxf6 25. Qxe5 Qxf2+ 26. Kh1
Re8 27. Rd1 Qf7 28. b4 Qf5 29. Qc7 Rf8 30. c5 bxc5 31. bxc5 Qc2 32. Qd6 Qc4 33.
Rd4 Qf1+ 34. Kh2 Qf5 35. c6 e5 36. Rc4 Kg7 37. c7 Re8 38. Qc5 Rc8 39. Qe7+ Qf7
40. Qxe5+ Qf6 41. Qc5 g5 42. a4 h6 43. a5 a6 44. Qd5 Qf7 45. Qe5+ Qf6 46. Qc5
Kf7 47. Rc1 Qf4+ 48. Kg1 Kg6 49. Rc4 Qg3 50. Qe7 h5 51. Rc6+ 1-0

[Event "Bad Woerishofen op"]
[Site "Bad Woerishofen"]
[Date "2000.??.??"]
[Round "1"]
[White "Ballon, Guenther"]
[Black "Schmitt, Karl"]
[Result "1-0"]
[WhiteElo "2260"]
[BlackElo "1826"]
[PlyCount "89"]
[EventDate "1998.03.05"]
[Source "ChessBase"]
[SourceDate "1998.04.29"]

1. d4 c5 2. d5 g6 3. e4 Bg7 4. c4 d6 5. Bd3 e6 6. Nc3 Ne7 7. Nf3 e5 8. O-O Bg4
9. Qa4+ Bd7 10. Qc2 O-O 11. a3 Bg4 12. Nd2 f5 13. f3 Bh5 14. b4 Na6 15. b5 Nb8
16. Ne2 f4 17. g4 fxg3 18. hxg3 g5 19. g4 Bf7 20. Ng3 Ng6 21. Rf2 Nf4 22. Rh2
Nd7 23. Ndf1 Nf6 24. Ne3 h5 25. Ngf5 h4 26. Ng2 Bg6 27. Nxf4 exf4 28. Nxg7 Kxg7
29. Bb2 Kh6 30. e5 Bxd3 31. Qxd3 dxe5 32. Bxe5 Qd7 33. Re2 Rae8 34. Bxf6 Rxf6
35. Rae1 Rxe2 36. Rxe2 a6 37. a4 axb5 38. axb5 b6 39. Qc3 Kg6 40. Qe1 Kf7 41.
Re5 Rg6 42. Rf5+ Kg8 43. Qe5 Qg7 44. Qe8+ Kh7 45. Rf7 1-0

[Event "Bad Woerishofen op"]
[Site "?"]
[Date "2000.??.??"]
[Round "3"]
[White "Ballon, Guenther"]
[Black "Wilhelmi, Christian"]
[Result "0-1"]
[WhiteElo "2240"]
[BlackElo "2423"]
[PlyCount "64"]
[EventDate "2000.??.??"]

1. d4 Nf6 2. c4 Nc6 3. Nf3 e6 4. Bg5 h6 5. Bf4 Bb4+ 6. Nc3 Ne4 7. Qc2 f5 8. e3
g5 9. Be5 O-O 10. Bd3 Nxe5 11. Nxe5 d6 12. Nf3 Nxc3 13. bxc3 Ba5 14. Nd2 c5 15.
O-O-O Qe7 16. h4 g4 17. f3 h5 18. Kb1 Bd7 19. Ka1 a6 20. Nb3 Bc7 21. Qe2 e5 22.
Rd2 a5 23. dxc5 dxc5 24. e4 a4 25. Nxc5 Qxc5 26. exf5 Ba5 27. Rc2 Bxf5 28. Bxf5
Rxf5 29. Qe4 Raf8 30. fxg4 Rf1+ 31. Rxf1 Rxf1+ 32. Kb2 a3+ 0-1

[Event "Bad Woerishofen op"]
[Site "?"]
[Date "2000.??.??"]
[Round "5"]
[White "Ballon, Guenther"]
[Black "Espig, Lutz"]
[Result "1/2-1/2"]
[WhiteElo "2260"]
[BlackElo "2402"]
[PlyCount "88"]
[EventDate "2000.??.??"]

1. d4 d6 2. c4 e5 3. dxe5 dxe5 4. Qxd8+ Kxd8 5. Nf3 f6 6. e3 Be6 7. Be2 Nd7 8.
O-O c6 9. b3 Nh6 10. Nc3 Kc7 11. Bb2 a5 12. Rfd1 Nf7 13. Rac1 Nc5 14. h3 a4 15.
b4 a3 16. Ba1 Na4 17. b5 Nb2 18. Bxb2 axb2 19. Rc2 Ra3 20. Nd2 Bc5 21. Ndb1
Raa8 22. Rxb2 Rhd8 23. Rxd8 Rxd8 24. Ne4 Be7 25. bxc6 bxc6 26. g4 g6 27. Ned2
f5 28. Kg2 e4 29. Nb3 Bf6 30. Rc2 Ne5 31. Nd4 Bc8 32. gxf5 gxf5 33. f4 exf3+
34. Nxf3 Rg8+ 35. Kf2 Nxf3 36. Kxf3 Be5 37. Bf1 Rg3+ 38. Kf2 f4 39. exf4 Bxf4
40. Rc3 Rxc3 41. Nxc3 Be5 42. Ne4 Bf5 43. Ke3 Bb2 44. Kf4 Bxe4 1/2-1/2

[Event "Bad Woerishofen op"]
[Site "?"]
[Date "2000.??.??"]
[Round "7"]
[White "Ballon, Guenther"]
[Black "Sailer, Wolfgang"]
[Result "1/2-1/2"]
[WhiteElo "2240"]
[BlackElo "2099"]
[PlyCount "22"]
[EventDate "2000.??.??"]

1. d4 g6 2. e4 Bg7 3. c4 d6 4. Nc3 Nc6 5. Nge2 e5 6. Be3 exd4 7. Nxd4 Nge7 8.
Be2 O-O 9. O-O f5 10. exf5 Bxd4 11. Bxd4 Nxf5 1/2-1/2

[Event "Bad Woerishofen op"]
[Site "?"]
[Date "2000.??.??"]
[Round "9"]
[White "Ballon, Guenther"]
[Black "Santl, Anton"]
[Result "0-1"]
[WhiteElo "2240"]
[BlackElo "2191"]
[PlyCount "82"]
[EventDate "2000.??.??"]

1. d4 Nf6 2. c4 g6 3. Nc3 Bg7 4. e4 d6 5. f3 O-O 6. Bg5 Nc6 7. Nge2 a6 8. Qd2
e5 9. d5 Na5 10. Nc1 c5 11. a3 b5 12. cxb5 c4 13. bxa6 Bxa6 14. Be2 Qc7 15. O-O
Rfb8 16. Rb1 Nd7 17. N3a2 Nc5 18. Nb4 Bb5 19. Be3 f5 20. Bxc5 Qxc5+ 21. Kh1 Rf8
22. exf5 Rxf5 23. b3 c3 24. Qc2 Bd7 25. Bd3 Rh5 26. Ne2 Nb7 27. Qxc3 Qb6 28.
Qc1 Bh6 29. Qb2 Qd8 30. Ng3 Rxh2+ 31. Kxh2 Qh4+ 32. Kg1 Be3+ 33. Rf2 Qxg3 34.
a4 Qh4 35. Nc6 Nc5 36. Rd1 Nxb3 37. Bb5 Bf5 38. Kf1 Rf8 39. Ne7+ Kg7 40. Nxf5+
Rxf5 41. Rd3 Nc1 0-1